000 00580nam a2200193 i 4500
001 27097
003 ES-MaACL
005 20230906153546.0
007 t|
008 030113s1971 pr ||||1| spa d
100 1 _aArriví, Francisco.
_923329
245 1 0 _aMáscara puertorriqueña
_b: ; Bolero y plena ; Sirena ; Vejigantes /
_cFrancisco Arriví.
260 _aRío Piedras (Puerto Rico) :
_bEd. Cultural,
_c1971.
300 _a366 p., 5 lám. ;
_c22 cm.
740 0 _aBolero y plena.
740 0 _aSirena.
740 0 _aVejigantes.
852 _aES-MaACL
_jC-38665
_bR.76846
999 _c27097
_d27097